|
|
|
|
| LEADER |
01315pam a22003738a 4500 |
| 001 |
00034825 |
| 005 |
20171026081025.0 |
| 008 |
161027s2015 ||||||Viesd |
| 041 |
0 |
# |
|a Vie
|
| 082 |
1 |
4 |
|a 372.21
|b B103GI
|
| 100 |
0 |
# |
|a Phạm, Thị Kim Châu
|e Biên soạn
|
| 245 |
0 |
0 |
|a Bài giảng Phương pháp làm quen với toán
|c Phạm Thị Kim Châu;Phan Thị Hiệp;Lê Thị Tuyết Trinh
|b Ngành giáo dục mầm non
|
| 260 |
# |
# |
|a Đồng Tháp
|c 2015
|
| 300 |
# |
# |
|a 105 tr.
|c 28cm
|
| 500 |
# |
# |
|a ĐTTS:Bộ Giáo dục và Đào tạo.Trường Đại Học Đồng Tháp.
|
| 653 |
# |
# |
|a Bài giảng
|
| 653 |
# |
# |
|a Giáo dục
|
| 653 |
# |
# |
|a Toán học
|
| 653 |
# |
# |
|a Phương pháp
|
| 653 |
# |
# |
|a Giáo trình
|
| 700 |
1 |
# |
|a Lê Thị Tuyết Trinh
|e Biên soạn
|
| 700 |
1 |
# |
|a Phan, Thị Hiệp
|e Biên soạn
|
| 852 |
# |
# |
|j KGT.0051507
|j KGT.0051508
|j KGT.0051510
|j KD.0018715
|j KGT.0051506
|j KGT.0051509
|
| 852 |
# |
# |
|b Kho đọc
|j KD.0018715
|
| 852 |
# |
# |
|b Kho mượn
|j KGT.0051506, KGT.0051507, KGT.0051508, KGT.0051509, KGT.0051510
|
| 910 |
|
|
|d 27/10/2016
|
| 980 |
# |
# |
|a Trung tâm Học liệu Lê Vũ Hùng, Trường Đại học Đồng Tháp
|